LIBRARY & INFORMATION CENTRE, KCAET, TAVANUR

ONLINE PUBLIC ACCESS CATALOGUE (OPAC)

Modification and performance evaluation of KAU pepper thresher (Record no. 15024)

MARC details
000 -LEADER
fixed length control field 00672nam a22001817a 4500
003 - CONTROL NUMBER IDENTIFIER
control field OSt
088 ## - REPORT NUMBER
Report number P 30
100 ## - MAIN ENTRY--AUTHOR NAME
Personal name AMBUJAN C. V
-- RAVIKUMAR C
245 ## - TITLE STATEMENT
Title Modification and performance evaluation of KAU pepper thresher
260 ## - PUBLICATION, DISTRIBUTION, ETC. (IMPRINT)
Place of publication Tavanur 1993
Name of publisher Department of Post-Harvest Technology and Agricultural Processing
300 ## - PHYSICAL DESCRIPTION
Number of Pages 38
500 ## - GENERAL NOTE
General note Modification and performance evaluation of KAU pepper thresher
520 ## - SUMMARY, ETC.
Summary, etc Modification and performance evaluation of KAU pepper thresher
700 ## - ADDED ENTRY--PERSONAL NAME
Personal name Er. George Mathew (Guide)
856 ## - ELECTRONIC LOCATION AND ACCESS
Uniform Resource Identifier https://drive.google.com/open?id=1H3a_xL7MTlFAR1srZXWMDfp99gQckqNv
942 ## - ADDED ENTRY ELEMENTS (KOHA)
Koha item type Project Report
Holdings
Collection code Home library Current library Shelving location Full call number Accession Number Koha item type
Reference KAUAET KAUAET Reference 631.56 AMB/MO P 30 Project Report
free website counter